| 000 | 00762aam a2200325 4500 | ||
|---|---|---|---|
| 005 | 20251114102744.0 | ||
| 008 | 150722b1998 xxu||||| |||| 00| 0 spa d | ||
| 020 | _a9687529261 | ||
| 041 | _aESP | ||
| 082 | _a512.13 S969a9 | ||
| 100 | _aSwokowski, Earl | ||
| 100 |
_aCole, Jeffery _916057 |
||
| 245 | _aÁlgebra y trigonometría con geometría analítica | ||
| 250 | _a9 edición | ||
| 260 | _aMéxico | ||
| 260 | _bInternational Thomson Editores | ||
| 260 | _c1998 | ||
| 300 | _a836 páginas | ||
| 490 | _aTemática General | ||
| 650 | _aÁLGEBRA | ||
| 650 | _aTRIGONOMETRÍA | ||
| 650 | _aGEOMETRÍA | ||
| 650 | _aECUACIONES | ||
| 942 |
_cBK _2ddc |
||
| 999 |
_c275 _d275 |
||